Heat Transfer 1970 : papers presented at the fourth international heat transfer conference Paris-Versailles 1970 = Transfert de chaleur 1970 ; Communications = Wärme-übertragung 1970 ; eiträge /

Guardado en:
Autores Corporativos: International Heat Transfer Conference Paris and Versailles), Assembly for International Heat Transfer Conferences.
Otros Autores: Grigull, Ulrich, 1912-, (Editor , ed.), Hahne, Erich, (Editor , ed.)
Formato: Libro
Idioma:English
French
German
Russian
Publicado: Amsterdam : Elsevier Pub. Co., 1970-71.
Materias:
Etiquetas: Agregar Etiqueta
Sin Etiquetas, Sea el primero en etiquetar este registro!
LEADER 01937nam a22003255a 4500
001 EIQ.libpla000483
008 060203m19701971ne#ao####b####100#0#eng#d
005 20080528183112.0
245 1 0 |a Heat Transfer 1970 :  |b papers presented at the fourth international heat transfer conference Paris-Versailles 1970 = Transfert de chaleur 1970 ; Communications = Wärme-übertragung 1970 ; eiträge /  |c editors Ulrich Grigull, Erich Hahne. 
260 |a Amsterdam :  |b Elsevier Pub. Co.,  |c 1970-71. 
300 |a 10 v. :  |b il., fotos ;  |c 23 cm. 
505 0 |a v.1 Conduction. Heat exchangers. Authors' index to volumes 1-7. -v.2. Forced convection I.-v.3. Forced convection II. Radiation.-v.4. Natural convection. Rheology.-v.5. Boiling I.-v.6. Boiling II. Condensation.-v.7. Combined heat transfer. Measuring techniques.-v.8. Abstracts in the English, French, German and Russian language. Authors' index to volumes 1-7.-v.9. Opening session. Lectures of the rapporteurs. Aspects in heat transfer in various countries.-v.10. Discussions and authors' rebuttals. Photographic documentation. Closing remarks. 
504 |a Incluye bibliografía. 
500 |a La biblioteca posee v. 9 y 10. 
111 2 |a International Heat Transfer Conference  |n (4th :  |d 1970 :  |c Paris and Versailles) 
700 1 |a Grigull, Ulrich,  |d 1912-,  |e ed.  |4 edt 
700 1 |a Hahne, Erich,  |e ed.  |4 edt 
710 2 |a Assembly for International Heat Transfer Conferences. 
740 0 |a Transfert de chaleur 1970 
740 0 |a Wärme-übertragung 1970 
650 4 |a Calor  |x Congresos. 
650 4 |a Calor  |x Transferencia. 
650 4 |a Transferencia de calor  |x Congresos. 
650 4 |a Heat  |x Transfer. 
650 4 |a Heat  |x Congresses. 
650 4 |a Heat transfer  |x Congresses. 
040 |a AR-BbSID  |b spa  |c AR-BbSID 
041 0 |a eng  |a fre  |a ger  |a rus 
859 |a AR-BbSID  |b BIB. PLAPIQUI  |h 536.2  |i In 8  |p 318  |v Vol. 10  |3 Vol. 10 
859 |a AR-BbSID  |b BIB. PLAPIQUI  |h 536.2  |i In 8  |p 317  |v Vol. 9  |3 Vol. 9